Zmeny obchodnej politiky EÚ voči Ukrajine pod vplyvom geopolitických zmien

Proces integrácie Ukrajiny do EÚ. Spolupráca EÚ a Ukrajiny na základe uzatvorených dohôd. Prehĺbenie vzťahov EÚ - Ukrajiny na základe asociačnej dohody EÚ a DCFTA. Cieľom asociačnej dohody je vytvorenie politického a ekonomického zblíženia ako aj rozvoj voľného obchodu medzi EÚ a Ukrajinou. Význam a...

Full description

Saved in:
Bibliographic Details
Main Author: Bebiaková, Dáša
Format: Book Chapter
Language:Slovak
Subjects:
Tags: Add Tag
No Tags, Be the first to tag this record!

MARC

LEADER 00000nla a2200000 4500
001 0206056
005 20240502073429.8
041 0 |a slo 
044 |a SK 
245 1 0 |a Zmeny obchodnej politiky EÚ voči Ukrajine pod vplyvom geopolitických zmien  |c Dáša Bebiaková 
520 |a Proces integrácie Ukrajiny do EÚ. Spolupráca EÚ a Ukrajiny na základe uzatvorených dohôd. Prehĺbenie vzťahov EÚ - Ukrajiny na základe asociačnej dohody EÚ a DCFTA. Cieľom asociačnej dohody je vytvorenie politického a ekonomického zblíženia ako aj rozvoj voľného obchodu medzi EÚ a Ukrajinou. Význam asociačnej dohody a DCFTA (Dohody o prehĺbenej a komplexnej zóne voľného obchodu medzi EÚ a Ukrajinou). 
610 2 0 |a Ukrajina 
610 2 0 |a integrácia 
610 2 0 |a integrácia ekonomická medzinárodná 
610 2 0 |a Európska únia 
610 2 0 |a dohody asociačné 
610 2 0 |a obchod voľný 
100 1 |a Bebiaková, Dáša